书目信息 |
| 题名: |
世界通俗合唱珍品集
|
|
| 作者: | 薛范 编 | |
| 分册: | 第3册 现代流行歌曲、轻歌曲和群众歌曲 | |
| 出版信息: | 北京 人民音乐出版社 2005 |
|
| 页数: | 373页 | |
| 开本: | 30cm | |
| 丛书名: | ||
| 单 册: | ||
| 中图分类: | J652.53 , J652.1 , J652.1 | |
| 科图分类: | ||
| 主题词: | 合唱--歌曲--世界--选集 , 流行歌曲--世界--现代--选集 , 合唱 , 歌曲 , 群众歌曲--世界--现代--选集 , 群众歌曲 , 流行歌曲 | |
| 电子资源: | ||
| ISBN: | 7-103-02859-1 | |
| 000 | 00992nam0 2200313 450 | |
| 001 | 003067402 | |
| 005 | 20070806180727.59 | |
| 010 | @a7-103-02859-1@dCNY44.00 | |
| 100 | @a20060104d2005 em y0chiy0110 ea | |
| 101 | 0 | @achi |
| 102 | @aCN@b110000 | |
| 105 | @ag z 000yy | |
| 200 | 1 | @a世界通俗合唱珍品集@9shi jie tong su he chang zhen pin ji@e五线谱版@h第3册@i现代流行歌曲、轻歌曲和群众歌曲@f薛范编 |
| 210 | @a北京@c人民音乐出版社@d2005 | |
| 215 | @a373页@d30cm | |
| 330 | @a本书收录了数十首现代流行歌曲、轻歌曲和群众歌曲,包括:《没人要的孩子》、《泪洒天国》、《我的准则》、《黎明时分》等。 | |
| 606 | 0 | @a合唱@x歌曲@y世界@j选集 |
| 606 | 0 | @a流行歌曲@y世界@z现代@j选集 |
| 606 | 0 | @a合唱 |
| 606 | 0 | @a歌曲 |
| 606 | 0 | @a群众歌曲@y世界@z现代@j选集 |
| 606 | 0 | @a群众歌曲 |
| 606 | 0 | @a流行歌曲 |
| 690 | @aJ652.53@v4 | |
| 690 | @aJ652.1@v4 | |
| 690 | @aJ652.1@v3 | |
| 701 | 0 | @a薛范@9xue fan@f(1934~)@4编 |
| 801 | 0 | @aCN@bNLC@c20070806 |
| 905 | @a10447@dJ652.1@e440:3 | |
| 世界通俗合唱珍品集:五线谱版.第3册.现代流行歌曲、轻歌曲和群众歌曲/薛范编.-北京:人民音乐出版社,2005 |
| 373页;30cm |
| ISBN 7-103-02859-1:CNY44.00 |
| 本书收录了数十首现代流行歌曲、轻歌曲和群众歌曲,包括:《没人要的孩子》、《泪洒天国》、《我的准则》、《黎明时分》等。 |
| ● |
| 相关链接 |
|
|
|
|
正题名:世界通俗合唱珍品集
索取号:J652.1/440:3
 
预约/预借
| 序号 | 登录号 | 条形码 | 馆藏地/架位号 | 状态 | 备注 |
| 1 | 0804534 | 208045346 | 第一样本阅览室/ [索取号:J652.1/440:3] | 在馆 | |
| 2 | 0804535 | 208045355 | 第一借阅区/ [索取号:J652.1/440:3] | 在馆 | |
| 3 | 0804536 | 208045364 | 第一借阅区/ [索取号:J652.1/440:3] | 在馆 | |
| 4 | 0804537 | 208045373 | 第一借阅区/ [索取号:J652.1/440:3] | 在馆 | |
| 5 | 0804538 | 208045382 | 音乐系资料室/ [索取号:J652.1/440:3] | 在馆 |